000 00927nam a2200277 i 4500
001 bg
003 BPK
005 20191214090753.0
008 981103s1986 pl a |000 0 pol
015 _aPB 1986/3802
020 _a8305115585
040 _aWA N
_cBPK
041 0 _apol
080 _a005.2
100 1 _aMartyniak, Zbigniew
_d(1936-2002)
_eAutor
245 1 0 _aOrganizacja i zarządzanie :
_b50 problemów teorii i praktyki /
_cZbigniew Martyniak.
250 _aWyd. 3 rozsz.
260 _aWarszawa :
_b"Książka i Wiedza",
_c1986.
300 _a365, [3] s. :
_brys., wykr. ;
_c20 cm.
504 _aBibliogr. przy rozdz.
650 4 _aOrganizacja
650 4 _aZarządzanie
710 2 _aSpółdzielnia Wydawniczo-Handlowa "Książka i Wiedza"
_4pbl.
856 _uhttp://koha.tu.koszalin.pl/cgi-bin/koha/opac-detail.pl?biblionumber=2832
_yKatalog online BPK
942 _2UKD
_cKS
999 _c2832
_d2832